|
|
|
|
| LEADER |
00000cas a2200000 a 4500 |
| 005 |
20010119195405.0 |
| 008 |
901210c198u9999sp uu l s0 0spa |
| 010 |
|
|
|a 90655800
|
| 035 |
|
|
|a 354
|
| 040 |
|
|
|a DLC
|c DLC
|d OCoLC
|d vLex
|
| 082 |
0 |
0 |
|a 348.46/4/02638
|a 344.640802638
|2 20
|
| 090 |
|
|
|c 2226
|d 2226
|
| 110 |
1 |
|
|a Castilla la Mancha.
|b Junta
|
| 245 |
1 |
0 |
|a Diario oficial de Castilla-La Mancha.
|h [Recurso electrn̤ico]
|
| 256 |
|
|
|a Servicio en ln̕ea.
|
| 260 |
|
|
|a Toledo :
|b [s.n.],
|
| 300 |
|
|
|a v. ;
|c 31 cm.
|
| 500 |
|
|
|a Descripcin̤ basada en: 7, nm︢. 21 (24 de mayo de 1988).
|
| 650 |
|
0 |
|a Gazettes
|z Spain
|z Castilla-La Mancha.
|
| 740 |
0 |
|
|a vLex Revistas (Servicio en ln̕ea)
|
| 856 |
4 |
0 |
|u http://vlex.com/source/docm-354/section/1
|z Acceso restringido
|
| 942 |
|
|
|c REV
|